000 01618nam0a22003131 4500
001 rc\4771579
005 20250613080921.0
021 _aRU
_b[64-53331]
035 _a(NLR Aleph) 009023548
090 _a9443680
_c9443680
100 _a20130417d1964 |||y0rusy50 ca
101 0 _arus
102 _aRU
105 _ay z |||||
200 1 _aДеформации при отрицательных температурах бетонов различных видов твердения
210 _a[Москва
_cСтройиздат
_d1964]
215 _a17 с., вкл. обл.
_cграф.
_d20
225 1 _aМеждународный союз лабораторий по испытанию и исследованию материалов и конструкций "RILEM". Доклады Международной конференции по проблемам ускорения твердения бетона при изготовлении сборных железобетонных конструкций. Москва. Июль. 1964
300 _aПеред загл. авт.: В.М. Москвин, М.М. Капкин, Б.М. Мазур
320 _aБиблиогр.: с. 16-17 (20 назв.)
606 _aБетон
_xДеформация при низких температурах
_2psbo
700 1 _aМосквин
_bВ.М.
_gВладимир Михайлович
701 1 _aКапкин
_bМ.М.
_gМихаил Матвеевич
701 1 _aМазур
_bБ.М.
801 0 _aRU
_bNLR
_gpsbo
801 1 _aRU
_bELAR
_2rusmarc
852 _aNLR
_j64-4/11482
942 _cBOOK
980 _aNB